00508nam a2200193 a 4500001001300000003000900013005001700022008004100039020002300080082001600103100001500119245005000134260004000184300000900224500003500233505001000268650002100278700001500299nice12345678IN_TiNIC20260116014119.0130107s2012 newa grp 000 0 eng  a9788125045557c27500a954.16bSUB aSubba, T B aNorth-East Indiab A Handbook of Anthropology aNew Delhi bOrient Blackswan c2012 a430p aincludes index and biblioraphy2 aIndex aNorth East India1 aSubba, T B